Going to the Dogs Quiz Stats

 Plays Quiz Updated Jan 30, 2019

Support Sporcle.
Go Orange.
Score 0/34 Timer 07:00
0 Plays Today
Hint Dog Name % Correct
PeanutsSnoopy
94.5%
Dorothy's dog in 'The Wizard of Oz'Toto
87.3%
Mickey MousePluto
87%
The Big Red DogClifford
80.5%
Stimpy's palRen
79.5%
2008 Owen Wilson & Jennifer Aniston movie dogMarley
77.6%
Hanna-Barbera (Shaggy's best friend)Scooby Doo
77.2%
Timmy's dog who always saved the dayLassie
74.2%
Family GuyBrian
71.8%
Wallace and ...Gromit
71.4%
GarfieldOdie
71%
The FlintstonesDino
65.1%
The SimpsonsSanta's Little Helper
57.9%
2008 Disney cartoon voiced by John TravoltaBolt
52.5%
The JetsonsAstro
50.8%
Stephen King novelCujo
49.8%
He's the Crime DogMcGruff
43.7%
Hint Dog Name % Correct
FrasierEddie
32%
1992 film starring Charles Grodin and Bonnie HuntBeethoven
31.7%
Full HouseComet
31.6%
Jack London's half-wolf, half-huskyWhite Fang
29.4%
Mythological three-headed dragon-tailed dogCerberus
29%
The Muppet ShowRowlf
24.1%
Back to the FutureEinstein
22.5%
King of the HillLadybird
20.3%
Fred Gipson novelOld Yeller
17.3%
Budweiser beer mascotSpuds MacKenzie
16.8%
German Shepherd from 'The Man From Hell's River'Rin Tin Tin
14.8%
Doctor WhoK9
12%
Joe Camp's 1974 dog movieBenji
11.5%
The Thin ManAsta
10.5%
Sesame StreetBarkley
9.2%
Fraggle RockSprocket
4.9%
Blue Peter (Border Collie)Shep
4.5%

From the Vault

Evolution of Flags

by Edelweiss

History 8m
We're feeling a little sad that no one has yet included a Sporcle globe on their flag. Someday...
Remove Ads.
Support Sporcle.
Get the best of Sporcle when you Go Orange. This ad-free experience offers more features, more stats, and more fun while also helping to support Sporcle. Thank you for becoming a member.

Show Comments

Extras

Top Quizzes Today


Score Distribution

Your Account Isn't Verified!

In order to create a playlist on Sporcle, you need to verify the email address you used during registration. Go to your Sporcle Settings to finish the process.

Report this User

Report this user for behavior that violates our Community Guidelines.

Details: